Music Quiz

Random Music Quiz

On the Steps of the Palace Quiz Stats

 Plays Quiz not verified by Sporcle

Challenge
Share
Tweet
Embed
Score 0/300 Timer 09:00
0 Plays Today
Lyrics % Correct
he
98.8%
on
98.8%
he
98.8%
on
98.8%
on
98.8%
he
98.8%
he
98.8%
he
98.8%
on
98.8%
he's
97.5%
a
97.5%
very
97.5%
he's
97.5%
a
97.5%
who
97.5%
the
97.5%
and
97.5%
and
97.5%
the
97.5%
the
97.5%
a
97.5%
and
97.5%
a
97.5%
the
97.5%
who
97.5%
and
97.5%
know
97.5%
and
97.5%
a
97.5%
know
97.5%
who
97.5%
know
97.5%
and
97.5%
and
97.5%
know
97.5%
the
97.5%
the
97.5%
the
97.5%
a
97.5%
and
97.5%
and
97.5%
know
97.5%
a
97.5%
and
97.5%
the
97.5%
the
97.5%
and
97.5%
the
97.5%
the
97.5%
and
97.5%
know
97.5%
prince,
96.3%
prince
96.3%
prince
96.3%
i'd
95.1%
run
95.1%
from
95.1%
stairs.
95.1%
run
95.1%
from
95.1%
steps
93.8%
steps
93.8%
steps.
93.8%
smart
92.6%
prepares.
92.6%
this
92.6%
time
92.6%
him,
92.6%
pitch
92.6%
this
92.6%
knowing
91.4%
caught
91.4%
caught?
91.4%
of
91.4%
palace.
91.4%
of
91.4%
of
91.4%
palace.
91.4%
of
91.4%
spread
90.1%
what
90.1%
be
90.1%
what
90.1%
be
90.1%
what
90.1%
what
90.1%
what
90.1%
what
90.1%
what
90.1%
be
90.1%
be
90.1%
what
90.1%
is
88.9%
is
88.9%
is,
88.9%
is
88.9%
i
87.7%
unawares
87.7%
i
87.7%
you
87.7%
Lyrics % Correct
you
87.7%
you
87.7%
you
87.7%
you
87.7%
you
87.7%
you
87.7%
you
87.7%
you
87.7%
you
87.7%
you
87.7%
you
87.7%
you
87.7%
you
87.7%
you
87.7%
you
87.7%
you
87.7%
you
87.7%
care,
87.7%
you
87.7%
you
87.7%
do
86.4%
that
86.4%
that
86.4%
do
86.4%
that
86.4%
do
86.4%
to
86.4%
to
86.4%
to
86.4%
to
86.4%
to
86.4%
to
86.4%
to
86.4%
to
86.4%
in
85.2%
cares.
84%
just
84%
stuck
84%
stuck
84%
than
82.7%
decision.
82.7%
so
82.7%
decision.
82.7%
so
82.7%
so
82.7%
decision
82.7%
more
81.5%
malice.
81.5%
want?
81.5%
make
81.5%
not
81.5%
not
81.5%
want,
81.5%
it
81.5%
make.
81.5%
you're
80.2%
but
80.2%
you're
80.2%
you're
80.2%
but
80.2%
but
80.2%
you're
80.2%
your
80.2%
you're
80.2%
but
80.2%
you're
80.2%
your
80.2%
your
80.2%
was
79%
better
79%
then
79%
then
79%
though
79%
then
79%
though,
79%
better
79%
though
79%
better
79%
then
79%
here
77.8%
think
77.8%
think
77.8%
think,
77.8%
if
76.5%
if
76.5%
are
76.5%
are
76.5%
standing
75.3%
it's
75.3%
it's
75.3%
it's
75.3%
it's
75.3%
standing
75.3%
well
74.1%
well,
74.1%
stay
72.8%
would
72.8%
would
72.8%
can
72.8%
there
72.8%
Lyrics % Correct
can
72.8%
there,
72.8%
while
71.6%
choice
71.6%
have
71.6%
thought
70.4%
stop
70.4%
take
70.4%
thought.
70.4%
wants?
70.4%
isn't
70.4%
home,
70.4%
knew
69.1%
easy
69.1%
along
69.1%
stock
67.9%
thinks
67.9%
all
67.9%
ball
67.9%
all,
67.9%
when
67.9%
scary.
66.7%
which
65.4%
which
65.4%
at
65.4%
at
65.4%
which
65.4%
where
64.2%
where
64.2%
where
64.2%
you'll
64.2%
first
64.2%
big
64.2%
you'll
64.2%
off
64.2%
where
64.2%
why
63%
his
63%
envision?
63%
don't.
63%
stick
63%
exciting
63%
don't
63%
starting
61.7%
avoid
61.7%
collision.
61.7%
once
60.5%
once
60.5%
shoes.
60.5%
how
59.3%
never
59.3%
quick,
59.3%
leave,
59.3%
there's
59.3%
there's
59.3%
nothing
59.3%
there's
59.3%
nothing
59.3%
lose.
59.3%
pry
59.3%
response?
58%
out
56.8%
or
56.8%
arrive
56.8%
out
56.8%
pick?
55.6%
belong?
55.6%
pick,
55.6%
fun
55.6%
they
55.6%
up
55.6%
stuff
54.3%
were,
54.3%
stuff
54.3%
right
53.1%
wary.
53.1%
choose,
53.1%
everything's
51.9%
wrong?
51.9%
everything's
51.9%
still
51.9%
whichever
49.4%
blue,
49.4%
deceive
48.1%
safe,
45.7%
that's
45.7%
sight,
43.2%
without
43.2%
Even
42%
any
42%
'til
40.7%
guide,
40.7%
you've
39.5%
long
39.5%
lot
38.3%
stake
38.3%
enough
38.3%
stalled
37%
yourself,
30.9%
since
7.4%

You're not logged in!

Compare scores with friends on all Sporcle quizzes.
OR
Log In

You Might Also Like...

Show Comments

Extras

Created Oct 24, 2011ReportNominate
Tags:palace, step

Top Quizzes Today


Score Distribution

Your Account Isn't Verified!

In order to create a playlist on Sporcle, you need to verify the email address you used during registration. Go to your Sporcle Settings to finish the process.

Report this User

Report this user for behavior that violates our Community Guidelines.

Details: